Malá Fatra Chata pod Rozsutcom

Zobrazenie: pohľad na Rozsutec a chatu

Bibliographic Details
Format: Postcard
Language:Slovak
PhysicalDescription:1 pohľadnica čiernobiela 9 x 14 cm
Published: Bratislava Tatran [1952]
Subjects:

MARC

LEADER 00000nkm a2200000 a 4500
001 vtls010517368
003 SK-MaSNL
005 20260512125623.0
007 kp bo
008 231206q1952 xo g kuslo
035 |a B4F756AB-DC69-4FF6-946A-46562ADE60D5 
035 |a urn:nbn:sk:snk-kmxw11 
035 |a urn:nbn:sk:snk-km004yy1 
040 |a SNK  |b slo  |c SNK  |e AACR2 
041 0 |a slo 
043 |a e-xo--- 
044 |a xo  |c SK 
080 |a 728.61  |2 2001 
080 |a 437.6-191.2  |2 2001 
080 |a (084.121)  |2 2001 
245 0 0 |a Malá Fatra  |h grafika  |b Chata pod Rozsutcom 
260 |a Bratislava  |b Tatran  |c [1952] 
300 |a 1 pohľadnica  |b čiernobiela  |c 9 x 14 cm 
520 8 |a Zobrazenie: pohľad na Rozsutec a chatu 
610 2 7 |a Chata pod Rozsutcom (Malá Fatra, Slovensko)  |2 SNKKA  |9 419935 
650 0 7 |a chaty  |2 SNKPH  |9 29339 
651 7 |a Malá Fatra (Slovensko : pohorie)  |2 SNKPH  |9 56372 
655 7 |a miestne pohľadnice  |2 SNKPH  |9 70510 
852 |a Slovenská národná knižnica 
958 |a GC 
958 |a GBN 
958 |a OND 
999 |c 1096613  |d 1098543 
952 |a SNK  |b SNK  |y PREZ  |7 0  |p 17A1022313  |o snkSP 120644  |0 0  |1 0  |4 0  |d 2013-06-06  |f 1  |l 0  |r 2026-02-24 17:17:18  |w 2026-02-24 
952 |a SNK  |b SNK  |y PREZ  |7 0  |p 17A1194930  |o snkSP 120644 D1  |0 0  |1 0  |4 0  |d 2016-07-21  |l 0  |r 2026-02-24 17:17:18  |w 2026-02-24 
952 |a SNK  |b SNK  |y PREZ  |7 0  |p 17A1194929  |o snkSP 120644 D2  |0 0  |1 0  |4 0  |d 2016-07-21  |l 0  |r 2026-02-24 17:17:18  |w 2026-02-24 
952 |a SNK  |b SNK  |y PREZ  |7 0  |p 17A1194928  |o snkSP 120644 D3  |0 0  |1 0  |4 0  |d 2016-07-21  |l 0  |r 2026-02-24 17:17:18  |w 2026-02-24 
952 |a SNK  |b SNK  |y PREZ  |7 0  |p 17A1194931  |o snkSP 120644 D4  |0 0  |1 0  |4 0  |d 2016-07-21  |l 0  |r 2026-02-24 17:17:18  |w 2026-02-24